000 00317 a2200157 4500
001 180129
020 _a
040 _cMagnum
100 _aSiguemoto, Regina
240 1 0 _aA bruxinha katita
_lpor
245 1 0 _aA bruxinha katita
300 _a16
440 1 _aFTD
697 _aLITERATURA INFANTO
942 _cBK
999 _c180129
_d180129